000 01149cam a2200373 a 4500
003 XX-XxUND
005 20241220102705.0
008 840823s1985 maua j 000 1 eng
001 000003392101
010 _a 84072092
_a 87003617
019 1 _a3392101
_z3392101
020 _a0871130068
_b(lib. bdg.)
020 _a0316112453
_b(lib. bdg.) :
_c$14.95
020 _a0316112461
_b(pbk.) :
_c$4.95
035 _a(Sirsi) i9780871130068
040 _aDLC
_beng
_cDLC
_dDLC
_dLC
042 _alcac
050 0 0 _aPZ7.B81618
_bAru 1985
082 0 _a[E]
_219
082 0 0 _a[E]
_219
082 0 4 _a[E]
_219
092 _aBROWN
100 1 _aBrown, Marc Tolon.
_95822
245 1 0 _aArthur's tooth /
_cMarc Brown.
260 _aBoston :
_bAtlantic Monthly Press,
_cc1985.
300 _a30 p. :
_bcol. ill. ;
_c27 cm.
520 _aArthur, tired of being the only one in his class who still has all his baby teeth, waits impatiently for his loose tooth to fall out.
650 0 _aTeeth
_vFiction.
_96136818
650 1 _aAnimals
_vFiction.
_95678722
942 _cBOOK
_0195
979 _a239192
998 _aa2760
999 _c1306
_d1306